000 01978nam a22004334i 4500
999 _c64373
_d64373
001 bimo0001604838
003 SpMaBN
005 20180814082608.0
008 000401s1972 sp spa
017 _aM 18431-1972
_bOficina Depósito Legal Madrid
040 _aSpMaBN
_bspa
_cCO-MdFUSB
_dCO-MdFUSBC
_erda
041 _aspa
080 0 _a232.11
080 0 _a221.017
082 _223
_a230.0415
_bW527
100 1 _aWestermann, Claus
_eautor
240 _aDas Alte Testament und Jesus Christus
245 0 3 _aEl Antiguo Testamento y Jesucristo
_c/ Clauss Westermann ; traductor José María Bernáldez Montalvo
264 1 _aMadrid, España :
_bEdiciones Fax,
_c℗[1972]
264 4 _c©1972
300 _a164 páginas ;
_c23 cm
336 _2rdacontent
_atexto
_btxt
337 _2rdamedia
_asin mediación
_bn
338 _2rdacarrier
_avolumen
_bnc
490 1 _aActualidad bíblica
505 _aLas lamentaciones de lo profetas -- Los profetas como mensajeros del juicio de Dios -- Los profetas como mensajeros de la salvación (hell) -- Las afirmaciones salvíficas -- Los anuncios salvíficos -- La descripción salvífica -- La salvación (Rettung) ocurrida al cominezo -- Llamada y seguimiento -- La continua actuación de Dios en la Bendición -- La realeza y el Ungido -- Mandamientos de ley -- Historia de los tiempos primeros e historia de los patriarcas -- Cristo y la lamentación de su pueblo -- La alabanza a Dios -- Peticiones contra los enemigos.
563 _aTapa rústica
630 0 7 _aBiblia.
_pAntiguo Testamento
650 7 _9239
_aCristología
700 1 _aBernaldez Montalvo, José María
_etraductor
720 _aGonzález Blanco, Antonino
830 _aActualidad Bíblica
_n, No. 30
942 _cBK
956 _a1
980 _aM-BN
_bBNMADRID
_j4/103520
_cSG_RECOLET
980 _aM-BN
_bBNMADRID
_j4/103521
_cSG_RECOLET